000 00473nam a2200205Ia 4500
003 0100
008 130303s9999 xx 000 0 und d
020 _a62503383
040 _cARRUPELIB
050 _aRC607.A26F67 1987
100 _aFortunato, John E
245 _aAIDS, the spiritual dilemma
260 _aSan Francisco
260 _bPerennial Library
260 _C1987
300 _a156p.
300 _b 21cm.
700 _aJohn E. Fortunato
942 0 0 _03
999 _c16398
_d16398